Berrutti (Record no. 1139)

MARC details
000 - LÍDER
campo de control de longitud fija 00828nam a2200205Ia 4500
008 - ELEMENTOS DE DATOS DE LONGITUD FIJA - INFORMACIÓN GENERAL
campo de control de longitud fija 0000002002 sp z 0000000000spa00
090 ## - NÚMERO DE LLAMADA DE TIPO LC LOCALMENTE ASIGNADO (OCLC)
Número de clasificación (OCLC) (R) PSP00 B27b
100 1# - ENTRADA PRINCIPAL - NOMBRE PERSONAL
Nombre de la persona Berrutti, Luis
245 10 - TÍTULO DECLARACIÓN
Título Berrutti
Resto del título : horcajuelo de la sierra
260 ## - PUBLICACIÓN, DISTRIBUCIÓN
Lugar de publicación [Madrid] : Museo Etnológico y Planta Urbana
Fecha de publicación 2002
300 ## - DESCRIPCIÓN FÍSICA
Alcance 24 p.
Dimensiones / 26 cm.
500 ## - NOTA GENERAL
Nota general Exposición realizada en el Museo Etnológico y Planta Urbana, Junio 28 Julio 28, 2002 \ Con el patronazgo del maestro venezolano Jesús Rafael Soto (q.e.p.d.)
600 00 - ENTRADA DE SUJETO AÑADIDO - NOMBRE PERSONAL
Nombre de la persona BERRUTTI, LUIS. /
Subdivisión general TRABAJOS PICTORICOS \ BERRUTTI, LUIS. /
-- TRABAJOS ESCULTORICOS
650 14 - ENTRADA DE SUJETO AÑADIDO - TÉRMINO TÓPICO
Término tópico o elemento de entrada del nombre geográfico ARTE CONTEMPORANEO ESPAÑOL
650 14 - ENTRADA DE SUJETO AÑADIDO - TÉRMINO TÓPICO
Término tópico o elemento de entrada del nombre geográfico ARTISTAS PLASTICOS ESPAÑOLES
650 14 - ENTRADA DE SUJETO AÑADIDO - TÉRMINO TÓPICO
Subdivisión general CATALOGOS
650 14 - ENTRADA DE SUJETO AÑADIDO - TÉRMINO TÓPICO
Término tópico o elemento de entrada del nombre geográfico ESCULTURA ESPAÑOLA
650 14 - ENTRADA DE SUJETO AÑADIDO - TÉRMINO TÓPICO
Subdivisión general EXPOSICIONES
650 14 - ENTRADA DE SUJETO AÑADIDO - TÉRMINO TÓPICO
Término tópico o elemento de entrada del nombre geográfico PINTURA ESPAÑOLA
Holdings
Estado de retirada Pérdida de estatus Estado dañado No para préstamo Código de recogida Ubicación permanente Ubicación actual Ubicación de las estanterías Fecha de adquisición Número de llamada completo Código de barras Fecha de la última vez que se vio Número de copia Precio efectivo desde Tipo de artículo Koha
        General ArtNexus ArtNexus General 06/09/2022 P-SP-00 B27B 1139 06/09/2022 Ej.1 06/09/2022 Libro

Powered by Koha